Daśakaṇṭhavadham nāma Rāmacaritam : (Record no. 91459)
[ view plain ]
| 000 -LEADER | |
|---|---|
| fixed length control field | 00866cam a2200241 a 4500 |
| 001 - CONTROL NUMBER | |
| control field | unk83049760 |
| 003 - CONTROL NUMBER IDENTIFIER | |
| control field | DLC |
| 005 - DATE AND TIME OF LATEST TRANSACTION | |
| control field | 20260227112800.0 |
| 008 - FIXED-LENGTH DATA ELEMENTS--GENERAL INFORMATION | |
| fixed length control field | 830823s1960 ii 001 0 sano |
| 010 ## - LIBRARY OF CONGRESS CONTROL NUMBER | |
| LC control number | unk83049760 |
| 040 ## - CATALOGING SOURCE | |
| Original cataloging agency | DLC |
| Transcribing agency | DLC |
| 050 00 - LIBRARY OF CONGRESS CALL NUMBER | |
| Classification number | PK3799.D82 |
| Item number | D3 1960 |
| 100 1# - MAIN ENTRY--PERSONAL NAME | |
| Personal name | Dvivedī, Durgāprasāda, |
| Dates associated with a name | 1864-1938. |
| 240 10 - UNIFORM TITLE | |
| Uniform title | Daśakaṇṭhavadha |
| 245 10 - TITLE STATEMENT | |
| Title | Daśakaṇṭhavadham nāma Rāmacaritam : |
| Remainder of title | svopajñasādhuśuddhiṭīkāsamanvitam / |
| Statement of responsibility, etc. | Durgāprasādadvivedaviracitam ; sampādaka Gaṅgādhara Dvivedī. |
| 246 30 - VARYING FORM OF TITLE | |
| Title proper/short title | Daśakaṇṭhavadham |
| 260 ## - PUBLICATION, DISTRIBUTION, ETC. | |
| Place of publication, distribution, etc. | Jodhapura : |
| Name of publisher, distributor, etc. | Rājasthāna Prācyavidyā Pratishthāna, |
| Date of publication, distribution, etc. | 1960. |
| 300 ## - PHYSICAL DESCRIPTION | |
| Extent | 3, 156, 8 p. ; |
| Dimensions | 26 cm. |
| 440 #0 - SERIES STATEMENT/ADDED ENTRY--TITLE | |
| Title | Rājasthāna purātana granthamālā ; |
| Volume/sequential designation | granthāṅka 23 |
| 546 ## - LANGUAGE NOTE | |
| Language note | In Sanskrit. |
| 500 ## - GENERAL NOTE | |
| General note | Includes index. |
| 650 #0 - SUBJECT ADDED ENTRY--TOPICAL TERM | |
| Topical term or geographic name entry element | Rāma (Hindu deity) |
| Form subdivision | Poetry. |
No items available.